Statystyki dla Przetłumacz na angielski Poziom B1

Kliknij tutaj aby rozwiązać quiz!

Ogólne statystyki

  • Ten quiz został rozwiązany 2 685 razy
  • Średni wynik to 14 z 20

Statystyki odpowiedzi

HintOdpowiedź% Poprawnych
wążsnake
95%
pociągtrain
93%
nóżknife
92%
wujekuncle
92%
butyshoes
91%
lasforest
89%
walkafight
84%
pistoletgun
84%
paszportpassport
84%
nietoperzbat
78%
wyścigrace
74%
czołgtank
70%
kieszeńpocket
64%
krawattie
60%
zazdrosnyjealous
59%
piwnicabasement
57%
grzmotthunder
55%
drabinaladder
49%
kominekfireplace
38%
reklamaadvertisement
35%

Rozkład punktacji

Percentyl według liczby udzielonych odpowiedzi

Procent ludzi z każdym wynikiem

Twoja historia wyników

Nie rozwiązałeś tego quizu